Statistics for All RLCSX Players

Click here to take the quiz!

General Stats

  • This quiz has been taken 248 times
    (120 since last reset)
  • The average score is 86 of 567

Answer Stats

CountryPlayer% Correct
USAjstn.
83%
CanadaSquishyMuffinz
81%
USAGarrettG
78%
SwedenTurbopolsa
77%
FranceAlpha54
76%
FranceFairy Peak!
76%
FranceKaydop
73%
FranceM0nkey M00n
69%
USAArsenal
68%
USAChicago
68%
CanadaJKnaps
68%
USARizzo
68%
USAfirstkiller
67%
USAretals
66%
ScotlandScrub Killa
66%
USASypical
66%
USAAtomic
65%
FranceExtra
65%
USAmist
65%
SpainMaRc_By_8.
64%
BelgiumAztraL
63%
EnglandApparently_Jack
61%
Moroccoitachi
61%
NetherlandsViolentPanda
61%
USAAYYJAYY
59%
AustraliaCJCJ
59%
NetherlandsJoreuz
59%
FranceChausette45
57%
EnglandDeevo
56%
USABeastMode
55%
Englandnoly
54%
Englandarchie
53%
SpainAtomiK
53%
FranceKassio
53%
USATorment
53%
AustriaYukeo
53%
Italykuxir97
51%
CanadaTaroco
51%
USAgimmick
50%
FinlandMetsanauris
50%
EnglandSpeed
50%
FranceFerra
49%
New ZealandKamii
49%
USAKronovi
49%
Denmarkfruity
48%
USArapid
48%
NetherlandsThO.
48%
USAComm
47%
USAGyro.
47%
USATurinturo
47%
Irelandvirtuoso
47%
ArgentinaSHADDD
46%
Argentinaajg
45%
CanadaAllushin
45%
EnglandRelatingWave
45%
Englandrise.
45%
SpainStake
45%
AustraliaTorsos
45%
Brazilcaard
44%
BrazilCaioTG1
43%
USAAlphaKep
41%
Italyarju
41%
BrazilDuduBRHue
41%
EnglandKash
41%
USALj
41%
CanadaAxB
40%
USAKarma
40%
SpainZamué
40%
USAMemory
39%
ChileReysbull
39%
DenmarkRonaky
39%
Englandbluey.
38%
EnglandFlamE
38%
NetherlandsMittaen
38%
NetherlandsOaly
38%
GermanyTox
38%
EnglandBreezi
37%
Englandeekso
36%
GermanyFreaKii.
36%
Englandhibbs
36%
Canadajordan
36%
USAmajicbear
36%
WalesTadpole
36%
BrazilKnsMoonster
35%
AustraliaSiki
35%
Canadasosa
35%
SpainDmentZa
34%
Braziltander
34%
USAToastie
34%
Swedenal0t
33%
NorwaygReazymeister
33%
USALionBlaze
33%
USApercy.
33%
USAShock
33%
AustraliaAmphis
32%
ItalyDead-Monster
32%
GermanyGodsmilla
32%
Australiatigr
32%
Englandcal
31%
USADappur
31%
NetherlandsMikeboy
31%
FinlandMognus
31%
Netherlandsremkoe
31%
USAZPS.
31%
USAAndy
30%
AustraliaDiz
30%
NetherlandsOscillon
30%
USARoll Dizz
30%
USAayjacks
29%
AustraliaDrippay
29%
FranceExoTiiK
29%
USAhockser
29%
USAJacob
29%
USAkinseh
29%
BrazilLuk
29%
USAmectos
29%
GermanyRizex45
29%
SpainVK-Sailen
29%
GermanyCalix
28%
Spaincrr
28%
Brazilianpinheiro
28%
Brazilmath
28%
USAtcorrell
28%
USAWondaMike
28%
USAAlRaz
27%
AustraliaExpress
27%
USAForky
27%
USAMile
27%
USAShadow
27%
USA.tristn
27%
AustraliaFever
26%
USAJPow
26%
USAjruss
26%
USAKraziks
26%
CanadaRadoko.
26%
AustraliaZeN
26%
PortugalAcroniK
24%
AustraliaJack
23%
USASea-Bass
23%
USAWonder
23%
USAXI
23%
USAChronic
22%
AustraliaSPYDOGE
22%
USABeastaboniam
21%
AustraliaJulz
21%
BrazilPJ
21%
USASatthew
21%
USASpyder
21%
EnglandChippy
20%
AustraliaDecka
20%
USADelta
20%
SpainDorito
20%
FranceKérian
20%
NetherlandsRix_Ronday
20%
NetherlandsTahz
20%
USAastro
19%
Englandbilly
19%
AustraliaFinn
19%
USALuke
19%
EnglandPolar
19%
Francepryyme
19%
FranceRadosin
19%
USATy
19%
GermanyCatalysm
18%
CanadaFreshness
18%
NetherlandsJustuszzz
18%
AustraliaWalcott
18%
AustraliaLe Duck
17%
SpainNachitow
17%
USAAeon
16%
BrazilAztromicK
16%
AustraliaCre
16%
ChilePAN
16%
EnglandRehzzy
16%
GermanyTigreee
16%
USATurtle
16%
Brazilyanxnz
16%
AustraliaCavemanben
15%
FranceEkon
15%
USAJbot
15%
FranceSaizen
15%
FranceYukiss
15%
USAAhduhm
14%
EnglandCynical
14%
USAJWismont
14%
SpainLuiisP
14%
DenmarkMadssssss
14%
BrazilrenaN
14%
AustraliaRequiem
14%
Brazilvalt
14%
USAAstroh
13%
CanadaComp
13%
Brazilmatix
13%
EnglandSebadam
13%
AustraliaBlur
12%
Belgiumbramdeswaggerd
12%
BelgiumCompact
12%
AustraliaFiberr
12%
BrazilFirefoxD
12%
BrazilHaberkamper
12%
USAhockE
12%
AustraliaMisty
12%
USATool
12%
USABambii
11%
BrazilBrad
11%
USABuddy
11%
MexicoFalss
11%
FranceForece
11%
AustraliaHawk
11%
USAhec
11%
ItalyHyder
11%
MexicoJJPrezus
11%
DenmarkMatsgrey
11%
FranceMeloshisu
11%
USAmoney
11%
USANoxes
11%
USAostyn
11%
FranceParka
11%
BrazilSadness
11%
AustraliaSuperlachie
11%
NorwayTrex
11%
SwitzerlandZaphare
11%
GermanyAlex161
10%
PeruBoom
10%
AustraliaChris
10%
SpainClayX
10%
NorwayEnlid
10%
BelgiumEversax
10%
CanadaGib
10%
GermanyGnagflow06
10%
Englandkirn
10%
FranceKisai
10%
IndonesiaLCT
10%
BelgiumPeaKy!
10%
EnglandRevezy
10%
CroatiaScream
10%
EnglandTylacto
10%
GermanyZeddo
10%
BelgiumArtyrus
9%
AustraliaAza
9%
ItalyBarist
9%
EnglandBJayB
9%
EnglandBoyScHool Q
9%
BrazilBRUNOVISQUII
9%
ScotlandCalzafy
9%
SwedenCheerio
9%
BrazilDroppz
9%
Denmarkejby
9%
USAGarenn
9%
BrazilGian
9%
FranceHooups
9%
MexicoNess
9%
USAPrimeThunder
9%
Brazilrepi
9%
ScotlandShotts
9%
USASkillz
9%
PortugalSkyy
9%
Brazilsnipjz
9%
AustraliaSour
9%
USAStealth
9%
FranceTjester
9%
Australiazayd
9%
USAAdverse
7%
Denmarkcreamyy
7%
Slovakiadave
7%
USADemo
7%
BrazilDrufinho
7%
AustraliaEvample
7%
NetherlandsGekkenman
7%
AustraliaGhost
7%
AustraliaHomie
7%
New ZealandKennySalmon
7%
GermanyKryptos
7%
NorwayMaadzz
7%
SwitzerlandMirror
7%
USANight
7%
USAOath
7%
USAPirates
7%
FranceRizuaL
7%
IrelandRobkiernxn
7%
New ZealandSpratt
7%
FranceSwoOpin
7%
AustraliaTango
7%
Englandtehda
7%
USAXpurt
7%
MexicoayLucky
6%
AustraliaBal
6%
EnglandBlurry
6%
New ZealandCJM
6%
AustraliaCobbo
6%
USADino
6%
FranceElexit
6%
NorwayInferno
6%
FranceIryzer
6%
Australiakaka
6%
BrazilLeoDkn
6%
ArgentinaLexim
6%
GermanyLiFox
6%
BrazilLostt
6%
GermanyMD
6%
BrazilNoisy
6%
DenmarkRexo
6%
BrazilRoyales
6%
New ZealandScarth
6%
USAStokelyy
6%
USATvaristo
6%
Canadazol
6%
ItalyAlex837
5%
Australiachange
5%
EnglandCloud
5%
ChileDavitrox
5%
GermanyEckhard
5%
EnglandEnvoy
5%
BrazilfAsi
5%
USAfishhR
5%
EnglandHalden
5%
New ZealandHAZA
5%
FranceMakuhebi
5%
FranceMilo
5%
USASkyzz
5%
AustraliaSnowy
5%
AustraliaSSteve
5%
EnglandSwift
5%
CanadaTitoh
5%
Germanytotothdt
5%
ArgentinaUmBroken
5%
FranceUnknow
5%
BrazilWells
5%
Englandwomped
5%
AustraliaBaked Potato
4%
USABrisky
4%
Australiaceeva
4%
BrazilChr1s
4%
AustraliaCyrexal
4%
AustraliaDaisu
4%
USADark
4%
AustraliaDumbo
4%
USAElOmarMaton
4%
USAFefe
4%
USAFTMHere
4%
Germanyghostfire
4%
CanadaHarps
4%
AustraliaJoshoc
4%
AustraliaJunior
4%
AustraliaKevin07
4%
FranceLenrid
4%
AustraliaMatro
4%
USAMonster442
4%
EnglandNozai
4%
AustraliaOutlast
4%
USAPaarthurnax
4%
USAPorklet
4%
Brazilprotomz
4%
AustraliaRiv
4%
SpainRuBiiX
4%
USASharp
4%
USAShea
4%
USASplashy
4%
AustraliaString
4%
USATestGravity
4%
USAThundah
4%
Australiayeatzy
4%
AustraliaZukoe
4%
New ZealandAddzey
3%
AustraliaAntiVenomm
3%
Australiaaoe_emp
3%
New ZealandAppleCrash
3%
USAaris
3%
USAA Savvy Seal
3%
New ZealandAzmo
3%
Brazilbaait
3%
USABacon
3%
USAcaz
3%
Australiachrisx888
3%
New ZealandCPMolden
3%
AustraliaCrisp
3%
USADemonator
3%
ArgentinaDisLike
3%
AustraliaDootsi
3%
AustraliaDuke William
3%
Australiaeli
3%
New ZealandEmile
3%
BrazilFlasheeyy
3%
Brazilgrumpz
3%
USAHepsKid
3%
AustraliaJames
3%
AustraliaJoel
3%
AustraliaJoey
3%
USAJosherSquasher
3%
AustraliaKia
3%
USAKirii
3%
ArgentinaKlawzt
3%
AustraliaLerky
3%
CanadaLubby
3%
AustraliaLunar
3%
New ZealandMoss
3%
EgyptNegative
3%
New ZealandNet
3%
AustraliaParzival
3%
BrazilPedrinho
3%
ArgentinaPulga
3%
USAPure
3%
USARawGreg
3%
AustraliaScrubbed
3%
AustraliaShmoopernator
3%
AustraliaSonic
3%
ArgentinaSrNaniiTou
3%
ArgentinaSzaro
3%
USAtallie
3%
AustraliaTobee
3%
Australiavortexioz
3%
BrazilyanD
3%
ChileZhearX
3%
Australia4ngryman
2%
AustraliaADOS
2%
Brazilarthur
2%
AustraliaBaileym8
2%
AustraliaBC
2%
AustraliaBrabes
2%
AustraliaButters
2%
AustraliaCheery
2%
AustraliaChub
2%
AustraliaCluney
2%
USACrave
2%
AustraliaCrazy
2%
USActrl.
2%
PhilippinesCypso
2%
BrazilDavInsano
2%
USADecxp
2%
AustraliaDequavis
2%
AustraliaDicky
2%
AustraliaDK
2%
AustraliaExodus
2%
ChileFlare
2%
AustraliaFlickky
2%
AustraliaFreeze
2%
AustraliaGebbx
2%
ChileGonk
2%
AustraliaGravyy
2%
AustraliaHappypingoo
2%
USAHato
2%
USAimjunglies
2%
ChileIts Trueno
2%
AustraliaJackson
2%
Australiajaffa
2%
AustraliaJanmebows
2%
AustraliaJimby
2%
AustraliaJkow
2%
AustraliaJRodz
2%
AustraliaJrTins
2%
AustraliaKachow!
2%
AustraliaKorski
2%
AustraliaKuma
2%
AustraliaKyRo
2%
ArgentinaLaucha
2%
AustraliaLausiie
2%
New ZealandLaxxiin
2%
AustraliaLe Mon
2%
AustraliaLeviathan
2%
Brazillucas06
2%
AustraliaMistryl
2%
AustraliaMony
2%
AustraliaMrShoeShoe
2%
AustraliaMyrtle
2%
UruguayNavarro
2%
AustraliaNef
2%
BrazilNinja23509
2%
AustraliaNK
2%
USAOutcast
2%
AustraliaParadise
2%
AustraliaPleb
2%
CanadaPlip
2%
BrazilRedi
2%
Indonesiarevoir
2%
ChileRoblah
2%
AustraliaRothie
2%
AustraliaSamuel
2%
AustraliaShamzi
2%
AustraliaSmash
2%
AustraliaSniperdufus
2%
AustraliaSpiral
2%
IndonesiaSquirrel
2%
AustraliaStar
2%
AustraliaStorm
2%
AustraliaSweeper
2%
Australiataingerz
2%
Australiatatagane123
2%
AustraliaTeejway
2%
AustraliaTiger
2%
USATopCheese
2%
Braziltwistt
2%
AustraliaViic
2%
AustraliaViiexn
2%
USAWarBean
2%
AustraliaYim
2%
AustraliaZest
2%
New Zealandan_average_stem
1%
AustraliaBathtub
1%
AustraliaBlimp
1%
AustraliaBlip
1%
Brazilbmendesantos
1%
AustraliaCalstar
1%
AustraliaChilli
1%
AustraliaChurch
1%
AustraliaCoop0
1%
AustraliaCruzza
1%
AustraliaDacks
1%
AustraliaDeitySpartan
1%
AustraliaDimo
1%
AustraliaDreameh
1%
EnglandEmpty
1%
AustraliaESS
1%
AustraliaExile
1%
New ZealandFant
1%
AustraliaFlukesyy
1%
AustraliaFlux
1%
AustraliaFoxxy
1%
New ZealandGeo
1%
AustraliaGolde
1%
AustraliaGroke
1%
AustraliaHughesy
1%
AustraliaIcekingbob
1%
AustraliaJBrad
1%
AustraliaJedd
1%
AustraliaJelly
1%
AustraliaJohann
1%
New ZealandJoshuadx7
1%
BrazilKlaus
1%
AustraliaLancelot
1%
AustraliaMabu
1%
New ZealandMacca
1%
AustraliaMach
1%
AustraliaMock
1%
AustraliaMorse
1%
AustraliaNeel
1%
AustraliaNoizee
1%
AustraliaObebluee
1%
AustraliaOctal
1%
Australiapants
1%
AustraliaPlots
1%
AustraliaRainBxy
1%
BrazilRevogaS
1%
AustraliaRoToR
1%
AustraliaScout
1%
AustraliaSeigi
1%
AustraliaSen Horo
1%
AustraliaSeniaz
1%
Brazilsharvys
1%
AustraliaSilver
1%
AustraliaSkorpio
1%
AustraliaSkux
1%
AustraliaSparrow
1%
AustraliaSpcterrr
1%
BrazilSubHallz
1%
AustraliaSuMsEt_
1%
New ZealandSuto
1%
AustraliaTarbs
1%
AustraliaWreckrez
1%
AustraliaAbyssial
0%
AustraliaBenniiz
0%
AustraliaDodge
0%
Brazilhyppedro
0%
Brazilkidjauum
0%
BrazilKixou
0%
EnglandMagu
0%
AustraliaTheMagnet39
0%
New ZealandValisk
0%

Score Distribution

Percentile by Number Answered

Percent of People with Each Score

Your Score History

You have not taken this quiz since the last reset